<?xml version="1.0" encoding="UTF-8"?><?xml-stylesheet type="text/xsl" href="static/style.xsl"?><OAI-PMH xmlns="http://www.openarchives.org/OAI/2.0/" xmlns:xsi="http://www.w3.org/2001/XMLSchema-instance" xsi:schemaLocation="http://www.openarchives.org/OAI/2.0/ http://www.openarchives.org/OAI/2.0/OAI-PMH.xsd"><responseDate>2026-06-03T01:34:48Z</responseDate><request verb="GetRecord" identifier="oai:riuma.uma.es:10630/5595" metadataPrefix="marc">https://riuma.uma.es/rest/oai/request</request><GetRecord><record><header><identifier>oai:riuma.uma.es:10630/5595</identifier><datestamp>2026-02-03T11:14:18Z</datestamp><setSpec>com_10630_2254</setSpec><setSpec>col_10630_37953</setSpec></header><metadata><record xmlns="http://www.loc.gov/MARC21/slim" xmlns:dcterms="http://purl.org/dc/terms/" xmlns:doc="http://www.lyncode.com/xoai" xmlns:xsi="http://www.w3.org/2001/XMLSchema-instance" xsi:schemaLocation="http://www.loc.gov/MARC21/slim http://www.loc.gov/standards/marcxml/schema/MARC21slim.xsd">
   <leader>00925njm 22002777a 4500</leader>
   <datafield ind2=" " ind1=" " tag="042">
      <subfield code="a">dc</subfield>
   </datafield>
   <datafield ind2=" " ind1=" " tag="720">
      <subfield code="a">Domínguez-Muñoz, Fernando</subfield>
      <subfield code="e">author</subfield>
   </datafield>
   <datafield ind2=" " ind1=" " tag="720">
      <subfield code="a">Rodríguez-García, Eduardo Amador</subfield>
      <subfield code="e">author</subfield>
   </datafield>
   <datafield ind2=" " ind1=" " tag="720">
      <subfield code="a">Carrillo-Andrés, Antonio</subfield>
      <subfield code="e">author</subfield>
   </datafield>
   <datafield ind2=" " ind1=" " tag="720">
      <subfield code="a">Calleja Rodríguez, Gloria</subfield>
      <subfield code="e">author</subfield>
   </datafield>
   <datafield ind2=" " ind1=" " tag="260">
      <subfield code="c">2013-07-08</subfield>
   </datafield>
   <datafield ind2=" " ind1=" " tag="520">
      <subfield code="a">Centralizar la producción térmica de un conjunto de edificios plantea numerosos problemas de interés técnico. Uno de ellos es la selección óptima de los equipos que componen la planta: tecnologías, potencias, conexionado y control. Este problema puede resolverse satisfactoriamente utilizando modelos de programación lineal-entera, pero su coste computacional suele ser elevado, especialmente cuando las demandas de calefacción y de refrigeración vienen dadas como series horarias anuales. La opción más habitual para reducir el tiempo de cálculo consiste en identificar un conjunto reducido de “días tipo” que representen la demanda original con suficiente exactitud. La configuración de la planta se resuelve entonces ejecutando el modelo de optimización para los días tipo en lugar de para el año completo.&#xd;
En un trabajo anterior, los autores de esta comunicación propusieron un método objetivo para identificar días tipo a partir de series detalladas de demanda. El objetivo de la presente comunicación es analizar el efecto del número de días tipo sobre los resultados de la optimización de un sistema centralizado típico. En primer lugar, se compara la serie de demanda original con la que se obtiene sustituyendo la demanda de cada día por la de su día tipo. En segundo lugar, se comparan los resultados de la optimización de una planta de producción térmica según el número de días tipo utilizados. Los cálculos se realizan para un caso de estudio concreto, que consiste en una instalación centralizada que presta servicio de calefacción y refrigeración a un parque tecnológico, con uso predominante de oficinas.&#xd;
La conclusión para el caso de estudio es que basta con utilizar entre 12 y 20 días tipo para obtener buenos resultados, y que las cotas que se fijan estudiando únicamente las series de demanda son esencialmente las mismas que se obtienen ejecutando el modelo de optimización. Esta conclusión puede variar para otras aplicaciones, pero el procedimiento de análisis sigue siendo válido.</subfield>
   </datafield>
   <datafield ind1="8" ind2=" " tag="024">
      <subfield code="a">http://hdl.handle.net/10630/5595</subfield>
   </datafield>
   <datafield tag="653" ind2=" " ind1=" ">
      <subfield code="a">Motores térmicos</subfield>
   </datafield>
   <datafield ind2="0" ind1="0" tag="245">
      <subfield code="a">Influencia del número de días tipo en la optimización de plantas térmicas centralizadas</subfield>
   </datafield>
</record>
</metadata></record></GetRecord></OAI-PMH>